000 00586 a2200169 4500
020 _a0691017069
040 _aDLC
_bDLC
082 0 0 _a338.9
100 1 _aRay, Debraj.
245 1 0 _aDevelopment economics
_cDebraj Ray.
260 _aPrinceton, N.J. :
_bPrinceton University Press,
_cc1998.
300 _axvii, 848 p. :
_bill. ;
_c26 cm.
650 0 _aDevelopment economics.
856 4 1 _3Table of contents
_uhttp://www.loc.gov/catdir/toc/prin031/97033459.html
856 4 1 _3Publisher description
_uhttp://www.loc.gov/catdir/description/prin021/97033459.html
942 _cBK
_k338.9 RAY
_2ddc
999 _c7282
_d7282